| 000 | 00912nam a22002417a 4500 | ||
|---|---|---|---|
| 999 |
_c6693 _d6693 |
||
| 003 | AR-CdUCM | ||
| 008 | 190319b ||||| |||| 00| 0 spa d | ||
| 020 | _a84-205-0465-3 | ||
| 040 |
_aMUNICIPALIDAD PROVINCIAL DEL CUSCO _cBIBLIOTECA MUNICIPAL DEL CUSCO |
||
| 082 |
_a541 / _bD12 |
||
| 100 |
_aDabrio Bañuls, M. V. _918829 |
||
| 245 | _aCromatografía de Gases / | ||
| 260 |
_aEspaña : _bAlhambra ; _c1973. |
||
| 300 |
_a223 páginas ; _bDiagramas, tablas, fórmulas, ilustraciones _c20cm |
||
| 440 |
_aQuímica _918830 |
||
| 505 | _aContenido: Análisis cualitativo -- Análisis cuantitativo -- Temperatura programada -- Cromatografía de gases a escala preparativa -- Cromatografía gas-sólido... | ||
| 650 |
_aQuímica _94512 |
||
| 700 |
_aAlbaigés Riera, J. _918831 |
||
| 700 |
_aClemente Juanas, A. E. _918832 |
||
| 700 |
_aGascó Sánchez, L. _918833 |
||
| 942 |
_2ddc _cLIBROS |
||
| 945 | _anom | ||